| 000 | 00853nam a22002297a 4500 | ||
|---|---|---|---|
| 005 | 20240614122336.0 | ||
| 008 | 220705b ||||| |||| 00| 0 eng d | ||
| 020 | _a0020307306 | ||
| 040 | _cAloy | ||
| 041 | _aeng | ||
| 082 |
_223 _a335.43 _bBRZG |
||
| 100 |
_aZbigniew Brzezinski _9170830 |
||
| 245 |
_aGrand failure: _bThe birth and death of communism in the twentieth century |
||
| 260 |
_aNew York: _bCollier Books, _c1990 |
||
| 300 |
_axiii,304p. _bPB _c21x14cm. |
||
| 365 | _2Economics | ||
| 520 | _aArgues that communism as it currently exists can no longer thrive in the Soviet Union and chronicles the dramatic changes that will need to take place in order to assure the Soviet Union's political future | ||
| 650 |
_aCommunism _947086 |
||
| 650 |
_aSoviet Disunion _947087 |
||
| 700 |
_aBRZEZINSKI (Zbigniew) _947088 |
||
| 942 |
_2ddc _cGF |
||
| 999 |
_c223603 _d223603 |
||